| 000 | 00960nam a2200229 a 4500 | ||
|---|---|---|---|
| 003 | 0 | ||
| 005 | 20250320080916.0 | ||
| 008 | 060802s19uu xx 00 eng d | ||
| 050 |
_aPGS LC 1099.3.M85 _b.R457 2006 |
||
| 100 | _aReyes, Saint Donneil. | ||
| 245 |
_aEffects of a multicultural class on grade six students of Southville International School and Colleges / _cSaint Donneil Reyes. |
||
| 260 |
_aLas PiƱas City, Philippines : _bSouthville International School and Colleges, _c2006. |
||
| 300 |
_a30 pages : _b illustrations ; _c28 cm. |
||
| 504 | _aIncludes bibliographical references. | ||
| 650 |
_aMulticultural education _vPsychological aspects. |
||
| 650 | _aCultural diversity in education. | ||
| 650 |
_aEducation, Elementary _vSocial aspects. |
||
| 650 | _aIntercultural communication in the classroom. | ||
| 650 |
_aSocial adjustment _vSchool environment. |
||
| 650 |
_aStudents _vAttitudes _vMulticulturalism. |
||
| 942 |
_2lcc _cPASS |
||
| 999 |
_c97544 _d97544 |
||